[Event "Landesliga Sued 1819"]
[Site "Bayern"]
[Date "2018.11.11"]
[Round "2.5"]
[White "Giss, Arthur"]
[Black "Wahrlich, Andreas"]
[Result "0-1"]
[WhiteElo "2034"]
[BlackElo "2131"]
[PlyCount "112"]
[EventDate "2018.10.21"]
[EventType "team-tourn"]
[EventRounds "9"]
[EventCountry "GER"]
[SourceTitle "EXT 2022"]
[Source "ChessBase"]
[SourceDate "2021.10.06"]
[SourceVersion "1"]
[SourceVersionDate "2021.10.06"]
[SourceQuality "1"]
[WhiteTeam "Dillingen"]
[BlackTeam "Rottal Inn"]
[WhiteTeamCountry "GER"]
[BlackTeamCountry "GER"]

1. e4 Nf6 2. Nc3 d5 3. e5 d4 4. exf6 dxc3 5. fxg7 cxd2+ 6. Qxd2 Qxd2+ 7. Bxd2 Bxg7 8. 0-0-0 Nc6 9. g3 Bg4 10. f3 Bd7 11. Ne2 0-0-0 12. Bc3 Bxc3 13. Nxc3 Ne5 14. Be2 Bc6 15. Rhf1 h5 16. Rde1 e6 17. Nb5 Kb8 18. c3 b6 19. Nd4 Bd5 20. Bb5 Ng6 21. f4 c5 22. Nf3 Bxf3 23. Rxf3 Ne7 24. Rd1 Rxd1+ 25. Kxd1 Kc7 26. Ke2 Nd5 27. f5 Kd6 28. fxe6 fxe6 29. Rf7 h4 30. g4 Ke5 31. Kf3 Rc8 32. Bc4 Nf6 33. Re7 Re8 34. Rxa7 Ne4 35. Ke3 Nd6 36. Be2 Rh8 37. Ra6 Rb8 38. a4 Rb7 39. Ra8 b5 40. axb5 Nxb5 41. Ra5 Nc7 42. c4 Rb3+ 43. Kf2 Kf4 44. Rxc5 Ne8 45. g5 Nd6 46. Rc7 Ne4+ 47. Kf1 Nxg5 48. Rc5 Rxb2 49. Rb5 Rc2 50. Rb3 e5 51. Ra3 e4 52. Ke1 Nf3+ 53. Bxf3 exf3 54. c5 Rxh2 55. Rc3 Re2+ 56. Kf1 h3 0-1

[Event "Regionalliga SO 1213"]
[Site "Bayern"]
[Date "2013.01.13"]
[Round "5.4"]
[White "Wahrlich, Andreas"]
[Black "Gnegel, Boris Igor"]
[Result "1/2-1/2"]
[WhiteElo "2046"]
[BlackElo "1985"]
[PlyCount "64"]
[EventDate "2012.10.14"]
[EventType "team-tourn"]
[EventRounds "9"]
[EventCountry "GER"]
[SourceTitle "EXT 2015"]
[Source "ChessBase"]
[SourceDate "2014.11.20"]
[SourceVersion "1"]
[SourceVersionDate "2014.11.20"]
[SourceQuality "1"]
[WhiteTeam "Waldkraiburg"]
[BlackTeam "Tegernsee"]
[WhiteTeamCountry "GER"]
[BlackTeamCountry "GER"]

1. Nf3 d5 2. d4 Nf6 3. c4 g6 4. cxd5 Nxd5 5. e4 Nb6 6. Nc3 Bg7 7. Be3 0-0 8. Be2 Bg4 9. Qd2 Bxf3 10. gxf3 e5 11. d5 c6 12. Rd1 cxd5 13. Bxb6 axb6 14. Nxd5 Nc6 15. b3 Nd4 16. Rc1 Qh4 17. Rc7 Bh6 18. Qb2 Rfd8 19. a4 Rxd5 20. exd5 Qd8 21. Qc3 Qxd5 22. Kf1 Nxe2 23. Kxe2 e4 24. Rc8+ Rxc8 25. Qxc8+ Bf8 26. Qc3 Bb4 27. Qe3 exf3+ 28. Qxf3 Qd2+ 29. Kf1 Qc1+ 30. Kg2 Qg5+ 31. Qg3 Qd5+ 32. Qf3 Qg5+ 1/2-1/2

[Event "Regionalliga SO 1213"]
[Site "Bayern"]
[Date "2012.12.09"]
[Round "4.4"]
[White "Kleibel, Uwe"]
[Black "Wahrlich, Andreas"]
[Result "1-0"]
[WhiteElo "2173"]
[BlackElo "2046"]
[PlyCount "43"]
[EventDate "2012.10.14"]
[EventType "team-tourn"]
[EventRounds "9"]
[EventCountry "GER"]
[SourceTitle "EXT 2015"]
[Source "ChessBase"]
[SourceDate "2014.11.20"]
[SourceVersion "1"]
[SourceVersionDate "2014.11.20"]
[SourceQuality "1"]
[WhiteTeam "Roehrnbach"]
[BlackTeam "Waldkraiburg"]
[WhiteTeamCountry "GER"]
[BlackTeamCountry "GER"]

1. d4 Nf6 2. Nf3 e6 3. Bg5 h6 4. Bh4 b6 5. e3 Bb7 6. Bd3 Be7 7. 0-0 c5 8. c4 cxd4 9. exd4 0-0 10. Nc3 d5 11. Qe2 Nc6 12. cxd5 exd5 13. Rfe1 Re8 14. Rac1 Kf8 15. Qd2 g5 16. Nxg5 hxg5 17. Bxg5 Ne4 18. Nxe4 dxe4 19. Bh6+ Kg8 20. Bxe4 Qd7 21. Qf4 Qd8 22. Qf5 1-0

[Event "Regionalliga SO 1213"]
[Site "Bayern"]
[Date "2012.11.11"]
[Round "2.4"]
[White "Neubauer, Andreas"]
[Black "Wahrlich, Andreas"]
[Result "1-0"]
[WhiteElo "2080"]
[BlackElo "2046"]
[PlyCount "87"]
[EventDate "2012.10.14"]
[EventType "team-tourn"]
[EventRounds "9"]
[EventCountry "GER"]
[SourceTitle "EXT 2015"]
[Source "ChessBase"]
[SourceDate "2014.11.20"]
[SourceVersion "1"]
[SourceVersionDate "2014.11.20"]
[SourceQuality "1"]
[WhiteTeam "Landshut"]
[BlackTeam "Waldkraiburg"]
[WhiteTeamCountry "GER"]
[BlackTeamCountry "GER"]

1. g3 c6 2. Nf3 d5 3. Bg2 Nf6 4. 0-0 g6 5. b3 Bg7 6. Bb2 0-0 7. c4 Bg4 8. h3 Bxf3 9. Bxf3 d4 10. d3 e5 11. Na3 Re8 12. c5 Na6 13. Nc4 Nxc5 14. b4 Na6 15. Qb3 Qd7 16. Na5 Rac8 17. Rac1 Nb8 18. Kh2 b6 19. Nc4 h5 20. e3 Nh7 21. exd4 exd4 22. Rce1 Rcd8 23. Bc1 Rxe1 24. Rxe1 Qf5 25. Bg2 Bf6 26. Bf4 Ng5 27. h4 Nh7 28. Nd6 Rxd6 29. Bxd6 Nd7 30. f4 Ndf8 31. Bh3 Qb5 32. a4 Qa6 33. Re8 b5 34. Bc8 bxa4 35. Bxa6 axb3 36. Re2 Nd7 37. Bc4 b2 38. Rxb2 Bd8 39. Re2 Nhf6 40. Bb3 Ng4+ 41. Kg2 Ne3+ 42. Kf3 Nb6 43. Bc5 Bf6 44. Ra2 1-0

[Event "Regionalliga SO 1112"]
[Site "Bayern"]
[Date "2012.01.15"]
[Round "5.4"]
[White "Wahrlich, Andreas"]
[Black "Gil, Arthur"]
[Result "1-0"]
[WhiteElo "2036"]
[BlackElo "1961"]
[PlyCount "65"]
[EventDate "2011.10.02"]
[EventType "team-tourn"]
[EventRounds "9"]
[EventCountry "GER"]
[SourceTitle "EXT 2013"]
[Source "ChessBase"]
[SourceDate "2012.11.22"]
[SourceVersion "1"]
[SourceVersionDate "2012.11.22"]
[SourceQuality "1"]
[WhiteTeam "Waldkraiburg"]
[BlackTeam "Ebersberg Grafing"]
[WhiteTeamCountry "GER"]
[BlackTeamCountry "GER"]

1. d4 Nf6 2. Nf3 g6 3. g3 Bg7 4. Bg2 0-0 5. 0-0 d6 6. c4 Nbd7 7. Nc3 e5 8. h3 h6 9. Be3 Re8 10. b3 Qe7 11. Qc2 c6 12. Rac1 Nf8 13. dxe5 dxe5 14. Na4 Bf5 15. Qb2 N6d7 16. Nd2 h5 17. f3 Red8 18. Nc3 Nh7 19. Rfd1 Ndf8 20. Bf2 b6 21. e4 Bc8 22. b4 Ne6 23. b5 Nd4 24. bxc6 Ng5 25. Bxd4 exd4 26. Nd5 Qd6 27. f4 Nxh3+ 28. Kf1 d3 29. Qb4 Qe6 30. Qe7 Qg4 31. Qxd8+ Kh7 32. Nf3 Qxg3 33. Qh4 1-0

[Event "Regionalliga SO 1011"]
[Site "Bayern"]
[Date "2011.02.27"]
[Round "7.4"]
[White "Appel, Eder Vlamir"]
[Black "Wahrlich, Andreas"]
[Result "1/2-1/2"]
[WhiteElo "2010"]
[BlackElo "2047"]
[PlyCount "33"]
[EventDate "2010.10.10"]
[EventType "team-tourn"]
[EventRounds "9"]
[EventCountry "GER"]
[SourceTitle "EXT 2012"]
[Source "ChessBase"]
[SourceDate "2011.11.24"]
[SourceVersion "1"]
[SourceVersionDate "2011.11.24"]
[SourceQuality "1"]
[WhiteTeam "Ingolstadt II"]
[BlackTeam "Waldkraiburg"]
[WhiteTeamCountry "GER"]
[BlackTeamCountry "GER"]

1. e4 c6 2. d4 d5 3. Nc3 dxe4 4. Nxe4 Nd7 5. Bc4 Ngf6 6. Nxf6+ Nxf6 7. Nf3 Bf5 8. c3 e6 9. 0-0 Bd6 10. Re1 0-0 11. Ne5 Bxe5 12. dxe5 Nd5 13. a4 Qh4 14. Bf1 Rfd8 15. g3 Qg4 16. Qxg4 Bxg4 17. a5 1/2-1/2

[Event "Regionalliga SO 0910"]
[Site "Bayern"]
[Date "2010.02.07"]
[Round "6.1"]
[White "Wahrlich, Andreas"]
[Black "Deues, Erik"]
[Result "1/2-1/2"]
[WhiteElo "2048"]
[BlackElo "1991"]
[PlyCount "35"]
[EventDate "2009.10.18"]
[EventType "team-tourn"]
[EventRounds "9"]
[EventCountry "GER"]
[SourceTitle "EXT 2011"]
[Source "ChessBase"]
[SourceDate "2010.11.26"]
[SourceVersion "1"]
[SourceVersionDate "2010.11.26"]
[SourceQuality "1"]
[WhiteTeam "Waldkraiburg"]
[BlackTeam "Unterpfaffenhofen"]
[WhiteTeamCountry "GER"]
[BlackTeamCountry "GER"]

1. d4 Nf6 2. c4 g6 3. Nc3 d5 4. Bg5 Bg7 5. e3 c6 6. Qb3 0-0 7. Nf3 dxc4 8. Bxc4 b5 9. Be2 Be6 10. Qc2 Qa5 11. 0-0 a6 12. a3 Qb6 13. Rac1 c5 14. dxc5 Qxc5 15. b4 Qb6 16. Nd4 Rc8 17. Bf3 Ra7 18. Bxf6 1/2-1/2